Name the NASCAR Driver - Statistics

General Stats
  • This quiz has been taken 79 times
  • The average score is 8 of 9
Answer Stats
Picture Answer % Correct
Kyle Busch
100%
Chase Elliott
98%
Joey Logano
98%
Kurt Busch
96%
Martin Truex Jr
95%
Kevin Harvick
91%
Ryan Blaney
81%
Bubba Wallace
70%
Tyler Reddick
65%
No matching quizzes found
Score Distribution
Percent of People with Each Score
Percentile by Number Answered
Your Score History
You have not taken this quiz